Bioinformatic service of decision-making based on cloud computing; Информационные технологии в науке, управлении, социальной сфере и медицине; Ч. 1

Xehetasun bibliografikoak
Parent link:Информационные технологии в науке, управлении, социальной сфере и медицине: сборник научных трудов Международной конференции с международным участием , 29 апреля - 2 мая 2014 г., Томск/ Национальный исследовательский Томский политехнический университет (ТПУ).— , 2014
Ч. 1.— 2014.— [С. 231-233]
Egile nagusia: Gerget O. M. Olga Mikhailovna
Erakunde egilea: Национальный исследовательский Томский политехнический университет (ТПУ) Институт кибернетики (ИК) Кафедра прикладной математики (ПМ)
Beste egile batzuk: Mileshin A. A.
Gaia:Заглавие с титульного экрана
Hizkuntza:ingelesa
Argitaratua: 2014
Saila:Информационные технологии в здравоохранении и медицине
Gaiak:
Sarrera elektronikoa:http://www.lib.tpu.ru/fulltext/c/2014/C24/V1/076.pdf
Formatua: MixedMaterials Baliabide elektronikoa Liburu kapitulua
KOHA link:https://koha.lib.tpu.ru/cgi-bin/koha/opac-detail.pl?biblionumber=607854

MARC

LEADER 00000naa2a2200000 4500
001 607854
005 20260313145024.0
035 |a (RuTPU)RU\TPU\conf\5260 
035 |a RU\TPU\conf\5259 
090 |a 607854 
100 |a 20140903d2014 k y0rusy50 ba 
101 0 |a eng 
102 |a RU 
135 |a drnn ---uucaa 
181 0 |a i  
182 0 |a b 
200 1 |a Bioinformatic service of decision-making based on cloud computing  |f O. M. Gerget, A. A. Mileshin 
203 |a Текст  |c электронный 
225 1 |a Информационные технологии в здравоохранении и медицине 
300 |a Заглавие с титульного экрана 
337 |a Adobe Reader 
461 1 |0 (RuTPU)RU\TPU\conf\4263  |t Информационные технологии в науке, управлении, социальной сфере и медицине  |o сборник научных трудов Международной конференции с международным участием , 29 апреля - 2 мая 2014 г., Томск  |o в 2 ч.  |f Национальный исследовательский Томский политехнический университет (ТПУ)   |d 2014 
463 1 |0 (RuTPU)RU\TPU\conf\5084  |t Ч. 1  |v [С. 231-233]  |d 2014 
610 1 |a труды учёных ТПУ 
610 1 |a электронный ресурс 
700 1 |a Gerget  |b O. M.  |c Specialist in the field of informatics and computer technology  |c Professor of Tomsk Polytechnic University, Doctor of Sciences  |f 1974-  |g Olga Mikhailovna  |3 (RuTPU)RU\TPU\pers\31430  |9 15593 
701 1 |a Mileshin  |b A. A. 
712 0 2 |a Национальный исследовательский Томский политехнический университет (ТПУ)  |b Институт кибернетики (ИК)  |b Кафедра прикладной математики (ПМ)  |3 (RuTPU)RU\TPU\col\18700 
801 2 |a RU  |b 63413507  |c 20140903  |g RCR 
856 4 |u http://www.lib.tpu.ru/fulltext/c/2014/C24/V1/076.pdf 
942 |c BK